00293 a2200109 4500001000700000020000600007040001100013100003700024240005900061245005400120362000900174170604 a  cMagnum aMinisterio da Educacao e Cultura10aExame nacional de cursos - relatorio-sintese 1999lpor10aExame nacional de cursos - relatorio-sintese 19990 a1899